[Event "III Festival Scacchi Verdi A"]
[Site "Bresso ITA"]
[Date "2003.06.05"]
[Round "1"]
[White "Brunelli, Giovanni"]
[Black "Berni, Fabrizio"]
[Result "0-1"]
[WhiteElo "1729"]
[BlackElo "2144"]
[PlyCount "84"]
[EventDate "2003.06.05"]

1. e4 c5 2. Nf3 e6 3. d4 cxd4 4. Nxd4 Nc6 5. Be3 d6 6. c4 Nf6 7. Nc3 a6 8. Be2
Be7 9. O-O Qc7 10. a3 O-O 11. b4 Ne5 12. Rc1 b6 13. f3 Bb7 14. Qd2 Rfe8 15.
Rfd1 Rac8 16. Na4 Ned7 17. Nb2 Qb8 18. Nd3 Bd8 19. Nf2 Bc7 20. Bd3 d5 21. g3
Ne5 22. Bf4 Nxd3 23. Bxc7 Qxc7 24. Qxd3 dxc4 25. Qe3 b5 26. Nb3 Rcd8 27. Nc5
Nd7 28. Ng4 Nxc5 29. bxc5 Rc8 30. Qg5 Qxc5+ 31. Qxc5 Rxc5 32. Rd7 Bc8 33. Ra7
h5 34. Ne3 Rd8 35. Nc2 Rd3 36. Kf2 Rd2+ 37. Kg1 c3 38. Ra8 Kh7 39. Ne3 e5 40.
Ra7 f6 41. Nd5 c2 42. Ne3 Rc3 0-1

[Event "III Festival Scacchi Verdi A"]
[Site "Bresso ITA"]
[Date "2003.06.05"]
[Round "1"]
[White "Cazzaniga, Walter"]
[Black "Arboscelli, Gregorio"]
[Result "1/2-1/2"]
[WhiteElo "2094"]
[BlackElo "1704"]
[PlyCount "90"]
[EventDate "2003.06.05"]

1. d4 Nf6 2. c4 e6 3. Nf3 Bb4+ 4. Bd2 Qe7 5. g3 O-O 6. Bg2 Bxd2+ 7. Nbxd2 d6 8.
e4 e5 9. d5 a5 10. O-O Nbd7 11. b3 Nc5 12. Qc2 b6 13. a3 Bg4 14. b4 axb4 15.
axb4 Ncd7 16. Nb3 Bxf3 17. Bxf3 Rfb8 18. Be2 Qf8 19. f3 Rxa1 20. Rxa1 Ra8 21.
Qb2 Qb8 22. Ra3 Ra7 23. Qa2 Rxa3 24. Qxa3 Ne8 25. Qa6 g6 26. Qb5 Nef6 27. Qa6
Kf8 28. Kf2 Ke7 29. h4 h5 30. Ke3 Qf8 31. Qa7 Qb8 32. Qxb8 Nxb8 33. c5 bxc5 34.
bxc5 Nbd7 35. c6 Nf8 36. f4 Ne8 37. fxe5 dxe5 38. Nc5 Nd6 39. Na6 Ne8 40. g4
hxg4 41. Bxg4 Kd6 42. Nb4 Nf6 43. Be2 Nh5 44. Nd3 Nh7 45. Bxh5 gxh5 1/2-1/2

[Event "III Festival Scacchi Verdi A"]
[Site "Bresso ITA"]
[Date "2003.06.05"]
[Round "1"]
[White "De Santis, Alessio"]
[Black "Pelizzola, Danilo"]
[Result "1/2-1/2"]
[WhiteElo "2283"]
[BlackElo "1998"]
[PlyCount "125"]
[EventDate "2003.06.05"]

1. d4 Nf6 2. c4 e6 3. Nc3 Bb4 4. f3 Bxc3+ 5. bxc3 d6 6. e4 c5 7. Bd3 Nc6 8. Ne2
Bd7 9. g4 e5 10. Be3 b6 11. d5 Na5 12. h4 Qc7 13. h5 h6 14. Nc1 Nh7 15. Nb3 Ba4
16. Qb1 Nb7 17. Qc1 f6 18. Nd2 Ng5 19. Qa3 Qd7 20. Ke2 Na5 21. Rab1 O-O 22. Nf1
Qe8 23. Ng3 Bd7 24. Rbg1 Kh8 25. Rh2 Qc8 26. Nf5 Bxf5 27. gxf5 Qd7 28. Rg3 Rae8
29. Kf2 Re7 30. Kg1 Rd8 31. Bc1 Qe8 32. Qb2 Qd7 33. Qe2 Rf8 34. Qf1 Rd8 35. Kh1
Rf8 36. Rhg2 Qe8 37. Kg1 Qd7 38. Bc2 Qe8 39. Kh1 Qd7 40. Kg1 Qe8 41. Bd2 Qd7
42. f4 exf4 43. Bxf4 Ref7 44. Bd3 Re7 45. Qf2 Nb7 46. Qe2 Rff7 47. Re3 Rf8 48.
Qg4 Nd8 49. Bxg5 hxg5 50. h6 gxh6 51. Rh3 Rh7 52. Rgh2 Qg7 53. Qg3 Nf7 54. Be2
Ne5 55. Kh1 Kg8 56. Rh5 Rd8 57. Qh3 Nf7 58. Qg2 Qf8 59. R5h3 Rh8 60. Bh5 Ne5
61. Qe2 Qg7 62. a4 Rh7 63. Rg3 1/2-1/2

[Event "III Festival Scacchi Verdi A"]
[Site "Bresso ITA"]
[Date "2003.06.05"]
[Round "1"]
[White "Dragojlovic, Andjelko"]
[Black "Astengo, Marcello"]
[Result "1-0"]
[WhiteElo "2335"]
[BlackElo "2055"]
[PlyCount "57"]
[EventDate "2003.06.05"]

1. e4 e6 2. Qe2 Be7 3. f4 d5 4. d3 c5 5. Nf3 Nc6 6. c3 b6 7. g3 Ba6 8. e5 Rc8
9. Bh3 Nh6 10. O-O Nf5 11. g4 Nh6 12. f5 Ng8 13. Bf4 Rc7 14. Nbd2 Bc8 15. Rae1
Bd7 16. Rf2 Rb7 17. Nf1 b5 18. Ng3 b4 19. g5 bxc3 20. bxc3 Qa5 21. Nh5 g6 22.
Ng7+ Kf8 23. fxe6 Bc8 24. Ne8 Bxe6 25. Bxe6 fxe6 26. Nd6 Rb8 27. Nd4 Nxd4 28.
Bg3+ Nf6 29. exf6 1-0

[Event "III Festival Scacchi Verdi A"]
[Site "Bresso ITA"]
[Date "2003.06.05"]
[Round "1"]
[White "Pedemonte, Claudio"]
[Black "Montani, Francesco"]
[Result "0-1"]
[WhiteElo "1974"]
[BlackElo "2219"]
[PlyCount "90"]
[EventDate "2003.06.05"]

1. c4 f5 2. Nf3 Nf6 3. g3 d6 4. d4 g6 5. Bg2 Bg7 6. O-O O-O 7. b3 Qe8 8. Bb2 a5
9. Nc3 Na6 10. Re1 c6 11. e4 fxe4 12. Nxe4 Nxe4 13. Rxe4 Bf5 14. Re2 Bg4 15.
Re4 Bf5 16. Re2 Bf6 17. Qd2 Nc7 18. Ng5 d5 19. Qf4 Qd7 20. Nf3 Bd3 21. Rd2 dxc4
22. bxc4 Bxc4 23. Qh6 Qf5 24. h4 Bd5 25. Qe3 Rad8 26. Rad1 a4 27. Ba3 Rfe8 28.
Ne5 Bxg2 29. Kxg2 Rd5 30. Nc4 b5 31. Na5 b4 32. Bxb4 Rxa5 33. Bxa5 Qxa5 34. Rc2
Qd5+ 35. Kg1 Ne6 36. Rcd2 Rd8 37. Qa3 Kf7 38. Qxa4 Nxd4 39. Rxd4 Bxd4 40. Re1
Qf3 41. Qc4+ Rd5 42. Rf1 Qxg3+ 43. Kh1 Qxh4+ 44. Kg2 Qg4+ 45. Kh1 Qe6 0-1

[Event "III Festival Scacchi Verdi A"]
[Site "Bresso ITA"]
[Date "2003.06.05"]
[Round "1"]
[White "Perissinotto, Claudio"]
[Black "Sanchez, Joseph"]
[Result "0-1"]
[WhiteElo "2092"]
[BlackElo "2342"]
[PlyCount "64"]
[EventDate "2003.06.05"]

1. e4 c5 2. Nf3 Nc6 3. d4 cxd4 4. Nxd4 Nf6 5. Nc3 e5 6. Ndb5 d6 7. Bg5 a6 8.
Na3 Be6 9. Nc4 Rc8 10. Bxf6 gxf6 11. Ne3 Bh6 12. Ncd5 Bxe3 13. Nxe3 Qb6 14. Bd3
Qxb2 15. O-O Qd4 16. Qf3 Ke7 17. Rfd1 Qc5 18. c3 Qxc3 19. Rab1 b5 20. a4 Nd4
21. Qh5 Rc5 22. axb5 axb5 23. Ra1 Rc7 24. Qh6 Rhc8 25. Bf1 b4 26. Ba6 Ra8 27.
Rac1 Rxa6 28. Rxc3 Ne2+ 29. Kf1 Nxc3 30. Rc1 Ra2 31. Nd5+ Bxd5 32. exd5 b3 0-1

[Event "III Festival Scacchi Verdi A"]
[Site "Bresso ITA"]
[Date "2003.06.05"]
[Round "1"]
[White "Rossi, Giampiero"]
[Black "Ljubisavljevic, Zivojin Z."]
[Result "0-1"]
[WhiteElo "2052"]
[BlackElo "2299"]
[PlyCount "84"]
[EventDate "2003.06.05"]

1. d4 Nf6 2. c4 c5 3. dxc5 Na6 4. Nc3 Nxc5 5. f3 d6 6. e4 g6 7. Be3 Ne6 8. Nge2
Bg7 9. Qd2 O-O 10. Nd4 a6 11. Be2 Nxd4 12. Bxd4 Be6 13. Rc1 Rc8 14. b3 Qa5 15.
O-O Qh5 16. Rfd1 g5 17. h3 Qg6 18. Nd5 Bxd5 19. cxd5 Nh5 20. Bxg7 Qxg7 21. Rc2
Qe5 22. Rdc1 Rxc2 23. Rxc2 Qg3 24. Bf1 f5 25. exf5 Nf4 26. Kh1 Rxf5 27. Rc3 Kf8
28. Rc8+ Kg7 29. Qc3+ Re5 30. Rc4 Nxd5 31. Qa1 Nf6 32. Rc1 h5 33. Qc3 g4 34.
fxg4 Re3 35. Qd4 hxg4 36. hxg4 Re4 37. Qc3 Qxg4 38. Kg1 Qf4 39. Re1 Rxe1 40.
Qxe1 e5 41. Qc3 Ng4 42. Qc7+ Kh6 0-1

[Event "III Festival Scacchi Verdi A"]
[Site "Bresso ITA"]
[Date "2003.06.05"]
[Round "1"]
[White "Sbarra, Marco"]
[Black "Cardani, Roberto"]
[Result "1-0"]
[WhiteElo "2217"]
[BlackElo "1737"]
[PlyCount "57"]
[EventDate "2003.06.05"]

1. e4 c5 2. Nf3 d6 3. Bb5+ Bd7 4. Bxd7+ Qxd7 5. c4 Nc6 6. d4 cxd4 7. Nxd4 g6 8.
Nc3 Bg7 9. Nde2 Nf6 10. O-O O-O 11. f3 Rfd8 12. Bg5 h6 13. Be3 e6 14. Qd2 Kh7
15. Rad1 Ne7 16. Kh1 Ne8 17. b3 a6 18. Bb6 Rdc8 19. a4 Qc6 20. a5 f5 21. Nf4
Qd7 22. Na4 Nc6 23. Be3 Qe7 24. Nb6 Rab8 25. Nxc8 Rxc8 26. exf5 exf5 27. Rfe1
Qf7 28. Bb6 Ne5 29. Qd5 1-0

[Event "III Festival Scacchi Verdi A"]
[Site "Bresso ITA"]
[Date "2003.06.06"]
[Round "2"]
[White "Arboscelli, Gregorio"]
[Black "De Santis, Alessio"]
[Result "0-1"]
[WhiteElo "1704"]
[BlackElo "2283"]
[PlyCount "58"]
[EventDate "2003.06.05"]

1. b3 f5 2. Bb2 Nf6 3. f4 g6 4. Nf3 Bg7 5. g3 c6 6. Bg2 Qb6 7. e3 d6 8. Qe2
Nbd7 9. Ng5 Nc5 10. d4 Nce4 11. Nxe4 fxe4 12. h3 a5 13. Nd2 d5 14. c4 a4 15.
Kf2 h5 16. cxd5 cxd5 17. Ba3 Bd7 18. Bc5 Qa5 19. b4 Qd8 20. b5 b6 21. Ba3 O-O
22. Rhc1 Ra7 23. Bf1 h4 24. g4 Rf7 25. Qd1 g5 26. f5 Qb8 27. Rab1 e6 28. Rb4
exf5 29. Rxa4 Nxg4+ 0-1

[Event "III Festival Scacchi Verdi A"]
[Site "Bresso ITA"]
[Date "2003.06.06"]
[Round "2"]
[White "Astengo, Marcello"]
[Black "Rossi, Giampiero"]
[Result "1-0"]
[WhiteElo "2055"]
[BlackElo "2052"]
[PlyCount "59"]
[EventDate "2003.06.05"]

1. d4 d5 2. Nf3 c6 3. Bf4 Nf6 4. Nbd2 Bf5 5. h3 e6 6. e3 Nbd7 7. Be2 Be7 8. O-O
h6 9. c4 O-O 10. Qb3 Qb6 11. c5 Qxb3 12. Nxb3 a5 13. Rfc1 a4 14. Nbd2 Rfc8 15.
Rc3 Ne4 16. Nxe4 Bxe4 17. Ne5 Nxe5 18. Bxe5 Bd8 19. Ra3 Ra7 20. b4 b5 21. cxb6
Bxb6 22. Rc1 f6 23. Bd6 Bg6 24. Rac3 Be8 25. Bb5 Rd8 26. Bxc6 Rxd6 27. Bxe8 e5
28. Rc8 Bd8 29. R1c6 Rxc6 30. Bxc6 1-0

[Event "III Festival Scacchi Verdi A"]
[Site "Bresso ITA"]
[Date "2003.06.06"]
[Round "2"]
[White "Cardani, Roberto"]
[Black "Perissinotto, Claudio"]
[Result "0-1"]
[WhiteElo "1737"]
[BlackElo "2092"]
[PlyCount "116"]
[EventDate "2003.06.05"]

1. e4 c5 2. c3 Nf6 3. e5 Nd5 4. d4 cxd4 5. Nf3 Nc6 6. Bc4 Nb6 7. Bb3 d5 8. exd6
Qxd6 9. O-O Be6 10. Na3 Bxb3 11. Qxb3 Qd5 12. Nb5 Rc8 13. Nfxd4 Nxd4 14. Nxd4
e6 15. Rd1 Bc5 16. Nb5 Qxb3 17. axb3 a6 18. b4 Be7 19. Nd4 O-O 20. b5 axb5 21.
Nxb5 Rfd8 22. Bf4 Rxd1+ 23. Rxd1 Nd5 24. Be5 f6 25. Bd6 Kf7 26. Kf1 Rc6 27.
Bxe7 Kxe7 28. g3 Ra6 29. Ke2 Ra2 30. Rd2 g5 31. b3 Ra1 32. c4 Nb4 33. Nd6 Rb1
34. Nxb7 Rxb3 35. Rd7+ Kxd7 36. Nc5+ Kd6 37. Nxb3 Ke5 38. Ke3 g4 39. f4+ gxf3
40. Kxf3 Nc2 41. Nd2 Kd4 42. Ne4 Ne1+ 43. Kf4 Nd3+ 44. Kf3 Ne5+ 45. Kf4 Ng6+
46. Kf3 Ke5 47. c5 h6 48. h4 f5 49. Nd2 Kd5 50. h5 Ne5+ 51. Kf4 Nd3+ 52. Ke3
Nxc5 53. Nf3 Ne4 54. Kf4 Nf6 55. g4 Nxg4 56. Nh4 Nf6 57. Nxf5 Nxh5+ 58. Kg4
exf5+ 0-1

[Event "III Festival Scacchi Verdi A"]
[Site "Bresso ITA"]
[Date "2003.06.06"]
[Round "2"]
[White "Ljubisavljevic, Zivojin Z."]
[Black "Berni, Fabrizio"]
[Result "1-0"]
[WhiteElo "2299"]
[BlackElo "2144"]
[PlyCount "103"]
[EventDate "2003.06.05"]

1. c4 e5 2. Nc3 Nf6 3. g3 g6 4. Bg2 Bg7 5. Nf3 d6 6. d4 Nbd7 7. O-O O-O 8. e3
Qe7 9. b3 Re8 10. Bb2 Nf8 11. dxe5 dxe5 12. Nb5 Rd8 13. Qe1 Ne4 14. Nc3 Nf6 15.
h3 c6 16. Qc1 Bf5 17. Rd1 Qc7 18. g4 Be6 19. g5 Rxd1+ 20. Qxd1 Nh5 21. Qe2 Rd8
22. Rd1 Bf5 23. Nh2 Ne6 24. h4 h6 25. gxh6 Bxh6 26. Ne4 Bg7 27. Ng3 Rxd1+ 28.
Qxd1 Nxg3 29. fxg3 Nc5 30. g4 Qd7 31. Qxd7 Bxd7 32. Bf1 e4 33. Bxg7 Kxg7 34.
Kf2 g5 35. Kg3 gxh4+ 36. Kxh4 Nd3 37. Bxd3 exd3 38. Nf3 Kf6 39. Kg3 c5 40. Kf4
a6 41. e4 b5 42. g5+ Kg7 43. Ke3 bxc4 44. bxc4 Bg4 45. Ne5 Be2 46. Nd7 Bf1 47.
Kd2 Kg6 48. Nxc5 Kxg5 49. Nxd3 Kf6 50. Kc3 Ke6 51. Kd4 Kd6 52. Nc5 1-0

[Event "III Festival Scacchi Verdi A"]
[Site "Bresso ITA"]
[Date "2003.06.06"]
[Round "2"]
[White "Montani, Francesco"]
[Black "Dragojlovic, Andjelko"]
[Result "1/2-1/2"]
[WhiteElo "2219"]
[BlackElo "2335"]
[PlyCount "120"]
[EventDate "2003.06.05"]

1. d4 Nf6 2. Nf3 g6 3. Bg5 Bg7 4. Nbd2 O-O 5. c3 d5 6. e3 Nbd7 7. Bd3 c5 8. O-O
Re8 9. Re1 e5 10. dxe5 Nxe5 11. Nxe5 Rxe5 12. f4 Re8 13. e4 Qb6 14. Qb3 Be6 15.
Bxf6 Bxf6 16. exd5 Qxb3 17. Nxb3 Bxd5 18. Nxc5 Rxe1+ 19. Rxe1 Bxa2 20. Nxb7 Rb8
21. Be4 Re8 22. Kf2 Re6 23. Bf3 Rb6 24. Re2 Bc4 25. Rd2 Be6 26. Nc5 a5 27. g3
Be7 28. Nxe6 fxe6 29. Bd1 Rd6 30. Rxd6 Bxd6 31. Bb3 Kf7 32. Ke3 Bc5+ 33. Ke4
Bg1 34. h3 Ke7 35. g4 Kd6 36. g5 Bf2 37. Bc4 Bc5 38. Bb5 Ke7 39. Bd3 Kd6 40. h4
Bf2 41. h5 gxh5 42. Kf3 Be1 43. Bxh7 Ke7 44. Bd3 Bd2 45. Ke4 h4 46. Bf1 Bc1 47.
b3 Bd2 48. c4 Kd6 49. Bh3 Bc1 50. Kf3 Ke7 51. Kg4 Be3 52. Kxh4 Bxf4 53. Bg2 Kd6
54. g6 Bh6 55. Be4 Kc5 56. Kh5 Bg7 57. Kg5 Kb4 58. Kf4 a4 59. bxa4 Kxa4 60. Bd5
e5+ 1/2-1/2

[Event "III Festival Scacchi Verdi A"]
[Site "Bresso ITA"]
[Date "2003.06.06"]
[Round "2"]
[White "Pelizzola, Danilo"]
[Black "Cazzaniga, Walter"]
[Result "0-1"]
[WhiteElo "1998"]
[BlackElo "2094"]
[PlyCount "43"]
[EventDate "2003.06.05"]

1. e4 e6 2. d4 d5 3. exd5 exd5 4. Nf3 Nc6 5. Bd3 Bd6 6. O-O Nge7 7. Bg5 f6 8.
Bh4 Bg4 9. c3 Qd7 10. Nbd2 g5 11. Bg3 Bxg3 12. hxg3 O-O-O 13. Qc2 h5 14. b4 Nb8
15. a4 h4 16. gxh4 Nf5 17. Rfe1 Nxh4 18. Re3 Nf5 19. Bxf5 Bxf5 20. Qa2 Qh7 21.
Kf1 Bd3+ 22. Ke1 0-1

[Event "III Festival Scacchi Verdi A"]
[Site "Bresso ITA"]
[Date "2003.06.06"]
[Round "2"]
[White "Sanchez, Joseph"]
[Black "Sbarra, Marco"]
[Result "1-0"]
[WhiteElo "2342"]
[BlackElo "2217"]
[PlyCount "39"]
[EventDate "2003.06.05"]

1. e4 d6 2. d4 e5 3. Nf3 Nf6 4. Nc3 Nbd7 5. Bc4 Be7 6. O-O O-O 7. a4 c6 8. Qd3
b6 9. Ba2 a6 10. Rd1 Bb7 11. Bg5 Qc7 12. Nh4 d5 13. Nf5 Bb4 14. exd5 cxd5 15.
Bxf6 Nxf6 16. Qg3 g6 17. Qg5 Ne4 18. Nxe4 dxe4 19. Nh6+ Kg7 20. Ng4 1-0

[Event "III Festival Scacchi Verdi A"]
[Site "Bresso ITA"]
[Date "2003.06.07"]
[Round "3"]
[White "Astengo, Marcello"]
[Black "Brunelli, Giovanni"]
[Result "1/2-1/2"]
[WhiteElo "2055"]
[BlackElo "1729"]
[PlyCount "53"]
[EventDate "2003.06.05"]

1. d4 d5 2. Nf3 Nf6 3. Bf4 e6 4. e3 Be7 5. h3 O-O 6. Bd3 Nbd7 7. Nbd2 c5 8. c3
c4 9. Bc2 b5 10. Ne5 Bb7 11. Qf3 a5 12. O-O b4 13. Ndxc4 Ba6 14. Nc6 Qe8 15.
Nd6 Bxd6 16. Bxd6 Bxf1 17. Kxf1 bxc3 18. bxc3 Nb6 19. Ne5 Qb5+ 20. Bd3 Qb2 21.
Rb1 Qxc3 22. Rxb6 Qc1+ 23. Ke2 Rfc8 24. Qf4 Rc2+ 25. Bxc2 Qxc2+ 26. Ke1 Qc1+
27. Ke2 1/2-1/2

[Event "III Festival Scacchi Verdi A"]
[Site "Bresso ITA"]
[Date "2003.06.07"]
[Round "3"]
[White "Berni, Fabrizio"]
[Black "Sbarra, Marco"]
[Result "0-1"]
[WhiteElo "2144"]
[BlackElo "2217"]
[PlyCount "68"]
[EventDate "2003.06.05"]

1. e4 e5 2. Nf3 Nc6 3. Bb5 a6 4. Ba4 Nf6 5. O-O b5 6. Bb3 Be7 7. d4 d6 8. a4
Bg4 9. c3 O-O 10. d5 Na5 11. Bc2 h6 12. Re1 c6 13. dxc6 Qc7 14. h3 Be6 15. axb5
axb5 16. Nh4 Nxc6 17. Rxa8 Rxa8 18. Nf5 Bxf5 19. exf5 d5 20. Nd2 b4 21. Nf3
bxc3 22. bxc3 Bc5 23. Nh2 Qa7 24. Qf3 e4 25. Qg3 Kh8 26. Ng4 Nxg4 27. hxg4 Qa2
28. Bd1 Ne5 29. Re2 Qb1 30. Qxe5 Qxc1 31. Qxd5 Ra1 32. Re1 Qxc3 33. Rxe4 Qc2
34. Qa8+ Kh7 0-1

[Event "III Festival Scacchi Verdi A"]
[Site "Bresso ITA"]
[Date "2003.06.07"]
[Round "3"]
[White "De Santis, Alessio"]
[Black "Montani, Francesco"]
[Result "1-0"]
[WhiteElo "2283"]
[BlackElo "2219"]
[PlyCount "79"]
[EventDate "2003.06.05"]

1. d4 c5 2. d5 g6 3. c4 Bg7 4. e4 d6 5. Nc3 Nf6 6. Bg5 h6 7. Bf4 b5 8. cxb5 a6
9. f3 Qa5 10. Qd2 Bd7 11. bxa6 Nxa6 12. Bxa6 Rxa6 13. Nge2 h5 14. O-O O-O 15.
Bh6 Rb8 16. Bxg7 Kxg7 17. Rfd1 Qb4 18. Rab1 e5 19. dxe6 Bxe6 20. a3 Qa5 21. Qg5
Rab6 22. Rd2 Nh7 23. Qf4 Qa6 24. h4 Nf6 25. Ng3 Qc4 26. Qg5 Nh7 27. Qe3 Rb3 28.
Nge2 Nf6 29. Qg5 R8b6 30. a4 Qa6 31. e5 dxe5 32. Qxe5 Bf5 33. Rbd1 Re6 34. Qxc5
Rc6 35. Qf2 Rb4 36. Nd4 Rc5 37. Ne6+ Bxe6 38. Qxc5 Rxh4 39. Rd4 Rxd4 40. Qxd4
1-0

[Event "III Festival Scacchi Verdi A"]
[Site "Bresso ITA"]
[Date "2003.06.07"]
[Round "3"]
[White "Dragojlovic, Andjelko"]
[Black "Cazzaniga, Walter"]
[Result "1-0"]
[WhiteElo "2335"]
[BlackElo "2094"]
[PlyCount "57"]
[EventDate "2003.06.05"]

1. e4 e6 2. d4 d5 3. Nc3 Bb4 4. a3 Bxc3+ 5. bxc3 dxe4 6. Qg4 Nf6 7. Qxg7 Rg8 8.
Qh6 b6 9. g3 Bb7 10. Bg2 Nbd7 11. Nh3 Qe7 12. a4 O-O-O 13. Ba3 c5 14. O-O Ng4
15. Qc1 f5 16. a5 Qd6 17. axb6 axb6 18. Rd1 Qc7 19. Nf4 Rde8 20. dxc5 Nxc5 21.
Bb4 Ne5 22. Qa3 Nf3+ 23. Bxf3 exf3 24. Bxc5 bxc5 25. Nd3 f4 26. Qxc5 fxg3 27.
fxg3 e5 28. Rdb1 e4 29. Rxb7 1-0

[Event "III Festival Scacchi Verdi A"]
[Site "Bresso ITA"]
[Date "2003.06.07"]
[Round "3"]
[White "Ljubisavljevic, Zivojin Z."]
[Black "Sanchez, Joseph"]
[Result "1/2-1/2"]
[WhiteElo "2299"]
[BlackElo "2342"]
[PlyCount "101"]
[EventDate "2003.06.05"]

1. e4 c5 2. Nc3 Nc6 3. f4 g6 4. Nf3 Bg7 5. g3 d6 6. Bg2 e6 7. O-O Nge7 8. Ne2
O-O 9. h3 Rb8 10. a4 Qc7 11. d3 b5 12. axb5 Rxb5 13. c3 Bd7 14. g4 f5 15. gxf5
exf5 16. Qa4 Ra5 17. Qc4+ Kh8 18. Rxa5 Nxa5 19. Qa2 fxe4 20. dxe4 Bb5 21. Re1
Bc4 22. Qa3 Bg8 23. Ng3 Nc4 24. Qa4 Qb6 25. Qd7 Nc6 26. Re2 Nd8 27. e5 Ne6 28.
exd6 Qxd6 29. Qxd6 Nxd6 30. Ne4 Nc4 31. Nfg5 Nxf4 32. Bxf4 Rxf4 33. Nxc5 Rf5
34. Nge4 Bh6 35. Nd3 Ne3 36. Ndf2 Ra5 37. Ng4 Ra1+ 38. Kf2 Nxg4+ 39. hxg4 Bc4
40. Re1 Ra2 41. g5 Rxb2+ 42. Kg3 Bg7 43. Nf6 Rb8 44. Re7 h6 45. Be4 hxg5 46.
Nd7 Rc8 47. Kg4 Bb5 48. Kxg5 Bxc3 49. Nf6 Bxf6+ 50. Kxf6 Re8 51. Bxg6 1/2-1/2

[Event "III Festival Scacchi Verdi A"]
[Site "Bresso ITA"]
[Date "2003.06.07"]
[Round "3"]
[White "Perissinotto, Claudio"]
[Black "Pelizzola, Danilo"]
[Result "1/2-1/2"]
[WhiteElo "2092"]
[BlackElo "1998"]
[PlyCount "42"]
[EventDate "2003.06.05"]

1. e4 c6 2. d4 d5 3. Nd2 dxe4 4. Nxe4 Bf5 5. Ng3 Bg6 6. h4 h6 7. Nf3 Nd7 8. h5
Bh7 9. Bd3 Bxd3 10. Qxd3 Ngf6 11. Bf4 e6 12. O-O-O Be7 13. Kb1 Qa5 14. c4 O-O-O
15. Qe2 Rhe8 16. Ne5 Nxe5 17. dxe5 Nd7 18. Bd2 Qxe5 19. Qf3 Qf6 20. Qe2 Qe5 21.
Qf3 Qf6 1/2-1/2

[Event "III Festival Scacchi Verdi A"]
[Site "Bresso ITA"]
[Date "2003.06.07"]
[Round "3"]
[White "Rossi, Giampiero"]
[Black "Arboscelli, Gregorio"]
[Result "1-0"]
[WhiteElo "2052"]
[BlackElo "1704"]
[PlyCount "39"]
[EventDate "2003.06.05"]

1. d4 Nf6 2. c4 e6 3. Nc3 Bb4 4. Qc2 c5 5. dxc5 Nc6 6. Nf3 Qa5 7. Bd2 Qxc5 8.
e3 Ne5 9. Nxe5 Qxe5 10. Be2 O-O 11. O-O d5 12. cxd5 exd5 13. Rfd1 Bf5 14. Qb3
Bd6 15. g3 b6 16. Be1 Be4 17. Nxe4 dxe4 18. Bc3 Qe7 19. Rd2 Be5 20. Bb4 1-0

[Event "III Festival Scacchi Verdi A"]
[Site "Bresso ITA"]
[Date "2003.06.07"]
[Round "4"]
[White "Cardani, Roberto"]
[Black "Rossi, Giampiero"]
[Result "0-1"]
[WhiteElo "1737"]
[BlackElo "2052"]
[PlyCount "88"]
[EventDate "2003.06.05"]

1. e4 c5 2. c3 d5 3. exd5 Qxd5 4. d4 e6 5. Nf3 Nc6 6. Be2 cxd4 7. cxd4 Nf6 8.
Nc3 Qd6 9. O-O Be7 10. Nb5 Qb8 11. g3 Nd5 12. Bc4 a6 13. Bxd5 axb5 14. Be4 Bd7
15. d5 exd5 16. Qxd5 Nb4 17. Qxb7 Qxb7 18. Bxb7 Rxa2 19. Rxa2 Nxa2 20. Be3 O-O
21. Bd5 Nb4 22. Bb3 Rc8 23. Ne5 Be8 24. Ra1 Bf6 25. Bd4 Bxe5 26. Bxe5 Nd3 27.
f4 Bd7 28. Bd4 Bh3 29. Rd1 Nc1 30. Bd5 Bg4 31. Rd2 Ne2+ 32. Kf2 Nxd4 33. Rxd4
Rc2+ 34. Ke1 g6 35. Rd2 Rc1+ 36. Kf2 Kf8 37. Ke3 Ke7 38. Kd4 f6 39. Be4 Rc4+
40. Kd3 Be6 41. Ke3 Rc5 42. Bf3 g5 43. fxg5 fxg5 44. Be4 h6 0-1

[Event "III Festival Scacchi Verdi A"]
[Site "Bresso ITA"]
[Date "2003.06.07"]
[Round "4"]
[White "Cazzaniga, Walter"]
[Black "Brunelli, Giovanni"]
[Result "1-0"]
[WhiteElo "2094"]
[BlackElo "1729"]
[PlyCount "60"]
[EventDate "2003.06.05"]

1. d4 d5 2. c4 e6 3. Nc3 c6 4. Nf3 dxc4 5. e3 b5 6. a4 Bb4 7. Bd2 Bxc3 8. Bxc3
Nf6 9. Be2 Bb7 10. O-O Nbd7 11. Qc2 Nd5 12. Bd2 Qf6 13. Rfd1 N7b6 14. Ne5 a6
15. g3 Qe7 16. e4 Nf6 17. f3 Nxa4 18. Nxc4 O-O 19. b3 bxc4 20. bxa4 c5 21. Qxc4
Rfc8 22. Rac1 cxd4 23. Qxd4 Rd8 24. Qe3 Rac8 25. a5 Nd7 26. Qa7 Rxc1 27. Rxc1
Nb8 28. Be3 Qd7 29. Rd1 Nc6 30. Rxd7 Rxd7 1-0

[Event "III Festival Scacchi Verdi A"]
[Site "Bresso ITA"]
[Date "2003.06.07"]
[Round "4"]
[White "Montani, Francesco"]
[Black "Astengo, Marcello"]
[Result "0-1"]
[WhiteElo "2219"]
[BlackElo "2055"]
[PlyCount "65"]
[EventDate "2003.06.05"]

1. d4 d5 2. c4 e6 3. cxd5 exd5 4. Nc3 c6 5. Nf3 Bf5 6. Bg5 Qb6 7. Qd2 Nd7 8. e3
Ngf6 9. a3 Bd6 10. Be2 Ne4 11. Nxe4 dxe4 12. Nh4 Be6 13. g3 h6 14. Bf4 Be7 15.
Be5 Nxe5 16. dxe5 g5 17. Ng2 O-O 18. O-O Qc5 19. Qd4 Qxd4 20. exd4 Rad8 21.
Rad1 Bb3 22. Rd2 Bc5 23. Bd1 Be6 24. Re1 Bxd4 25. Rxe4 Bb6 26. Rd6 Bc5 27. Rxd8
Rxd8 28. Be2 Rd2 29. b4 Bb6 30. Ne1 Bd5 31. Nf3 Ra2 32. e6 fxe6 33. Re5 0-1

[Event "III Festival Scacchi Verdi A"]
[Site "Bresso ITA"]
[Date "2003.06.07"]
[Round "4"]
[White "Pelizzola, Danilo"]
[Black "Berni, Fabrizio"]
[Result "1-0"]
[WhiteElo "1998"]
[BlackElo "2144"]
[PlyCount "80"]
[EventDate "2003.06.05"]

1. e4 Nc6 2. Nf3 d6 3. d4 Bg4 4. Be3 Nf6 5. Nc3 e6 6. Be2 Be7 7. O-O O-O 8. h3
Bh5 9. d5 exd5 10. exd5 Bxf3 11. Bxf3 Ne5 12. Re1 Re8 13. g3 Nxf3+ 14. Qxf3 Nd7
15. Bd4 Bf6 16. Rxe8+ Qxe8 17. Bxf6 Nxf6 18. Kf1 Qd7 19. g4 h6 20. Re1 Rb8 21.
a4 a6 22. Qd3 c6 23. b3 Rc8 24. Re2 b5 25. dxc6 Qxc6 26. Ne4 Nxe4 27. Rxe4 bxa4
28. bxa4 g6 29. f3 Qxc2 30. Re8+ Kh7 31. Qxc2 Rxc2 32. Ra8 Rc6 33. Ke2 Kg7 34.
Kd3 Kf6 35. Ra7 Ke6 36. Kd4 f5 37. gxf5+ Kxf5 38. h4 h5 39. Kd5 g5 40. Kxc6
gxh4 1-0

[Event "III Festival Scacchi Verdi A"]
[Site "Bresso ITA"]
[Date "2003.06.07"]
[Round "4"]
[White "Sanchez, Joseph"]
[Black "De Santis, Alessio"]
[Result "1-0"]
[WhiteElo "2342"]
[BlackElo "2283"]
[PlyCount "87"]
[EventDate "2003.06.05"]

1. e4 d6 2. d4 Nf6 3. Nc3 c6 4. f4 Qa5 5. Bd2 e5 6. Nf3 Bg4 7. dxe5 dxe5 8. Bc4
Nbd7 9. Qe2 Qc7 10. O-O-O b5 11. Bb3 Be7 12. fxe5 Nxe5 13. h3 Bxf3 14. gxf3 a5
15. a4 b4 16. Nb1 c5 17. Bc4 Nxc4 18. Qxc4 O-O 19. Be3 Nd7 20. Nd2 Ne5 21. Qe2
c4 22. Bd4 c3 23. Nb3 cxb2+ 24. Bxb2 Nc4 25. e5 Nxb2 26. Kxb2 f6 27. Kb1 fxe5
28. Rd5 Qc6 29. Qb5 Qxb5 30. Rxb5 Rxf3 31. Rxe5 Bf6 32. Rc5 g5 33. Rc6 Bg7 34.
Rg1 Re8 35. Rc7 h6 36. h4 Be5 37. Rc6 Bh2 38. Rh1 Bf4 39. Rxh6 Kg7 40. hxg5
Bxg5 41. Ra6 Re5 42. Nxa5 Bf6 43. Nb3 Rg5 44. Rd1 {...} 1-0

[Event "III Festival Scacchi Verdi A"]
[Site "Bresso ITA"]
[Date "2003.06.07"]
[Round "4"]
[White "Sbarra, Marco"]
[Black "Perissinotto, Claudio"]
[Result "1-0"]
[WhiteElo "2217"]
[BlackElo "2092"]
[PlyCount "69"]
[EventDate "2003.06.05"]

1. e4 c5 2. Nf3 d6 3. Bb5+ Bd7 4. Bxd7+ Qxd7 5. c4 Nf6 6. Nc3 Nc6 7. d4 cxd4 8.
Nxd4 g6 9. O-O Bg7 10. Nde2 O-O 11. f3 Rac8 12. b3 a6 13. a4 Rfd8 14. Bg5 Qe6
15. Qd2 Nd7 16. Rab1 a5 17. Nd5 Nc5 18. Rfd1 f6 19. Be3 Qf7 20. Nb6 Rc7 21.
Bxc5 dxc5 22. Qxd8+ Nxd8 23. Rxd8+ Bf8 24. Nd7 Rxd7 25. Rxd7 Qe6 26. Rbd1 Qb6
27. R1d3 Kf7 28. Nf4 f5 29. Nd5 Qe6 30. Rxb7 fxe4 31. fxe4 Qxe4 32. Rf3+ Kg7
33. Rb8 e6 34. Rb7+ Kh6 35. Rxh7+ 1-0